Verejné rozpočty
Salvato in:
| Autore principale: | |
|---|---|
| Ente Autore: | |
| Altri autori: | , |
| Natura: | Libro |
| Lingua: | slovacco |
| Pubblicazione: |
Bratislava
Vydavateľstvo Ekonóm
2000
|
| Soggetti: | |
| Tags: |
Nessun Tag, puoi essere il primo ad aggiungerne!!
|
MARC
| LEADER | 00000nam a2200000 4500 | ||
|---|---|---|---|
| 001 | c117415 | ||
| 005 | 20240502071317.6 | ||
| 020 | |a 80-225-1221-4 | ||
| 041 | 0 | |a slo | |
| 044 | |a SK | ||
| 245 | 1 | 0 | |a Verejné rozpočty |c Kornélia Beličková a kolektív |
| 264 | 1 | |a Bratislava |b Vydavateľstvo Ekonóm |c 2000 | |
| 300 | |a 134 s. | ||
| 610 | 2 | 0 | |a rozpočty |
| 610 | 2 | 0 | |a rozpočet štátny |
| 610 | 2 | 0 | |a rozpočtovanie |
| 610 | 2 | 0 | |a rozpočet miestny |
| 610 | 2 | 0 | |a fondy účelové |
| 610 | 2 | 0 | |a organizácie príspevkové |
| 610 | 2 | 0 | |a organizácie rozpočtové |
| 610 | 2 | 0 | |a účet záverečný štátny |
| 610 | 2 | 0 | |a Európska únia |
| 610 | 2 | 0 | |a Slovensko |
| 100 | 1 | |a Beličková, Kornélia, 1966- | |
| 700 | 1 | |a Baláži, Peter | |
| 700 | 1 | |a Talár, Peter | |
| 710 | 2 | |a Ekonomická univerzita v Bratislave. Národohospodárska fakulta | |